| 000 | 00534nam a2200181Ia 4500 | ||
|---|---|---|---|
| 005 | 20250423094224.0 | ||
| 008 | 250422s9999 xx 000 0 und d | ||
| 020 | _a9781032526829 | ||
| 050 | _aTK 5103.25 .W57/ | ||
| 100 | _aEdited by Indrasen Singh, Shubham Tayal, Niraj Pratap Singh, Vijay Shankar Tripathi, and Ghanshyam Singh. | ||
| 245 | 0 | _a5G and beyond wireless networks | |
| 260 | _aBoca Raton | ||
| 260 | _bCRC Press | ||
| 260 | _c2024 | ||
| 300 | _a233 p | ||
| 650 | _a5G mobile communication systems. | ||
| 942 | _cBK | ||
| 999 |
_c26627 _d26627 |
||